Normal view
MARC view
- Mizoguchi, Kenji,
Entry Nombre personal
001 - NÚMERO DE CONTROL
- campo de control: 1661
003 - IDENTIFICADOR DE NÚMERO DE CONTROL
- campo de control: DLC
005 - FECHA Y HORA DE LA ÚLTIMA TRANSACCIÓN
- campo de control: 20260518194226.0
008 - ELEMENTOS DE DATO DE LONGITUD-FIJA
- campo de control de longitud fija: 810421n| azannaabn |b aaa
010 ## - NÚMERO DE CONTROL DE LA BIBLIOTECA DEL CONGRESO
- Número de control de LC: n 81035400
035 ## - NÚMERO DE CONTROL DEL SISTEMA
- Número de control de sistema: (OCoLC)oca00581051
040 ## - FUENTE DE CATALOGACIÓN
- Centro catalogador/agencia de origen: DLC
- Lengua de catalogación: eng
- Normas de descripción: rda
- Centro/agencia transcriptor: DLC
- Centro/agencia modificador: OCoLC
- Centro/agencia modificador: NNC
- Centro/agencia modificador: InU
046 ## - FECHAS CON CODIFICACIÓN ESPECIAL
- Fecha de nacimiento: 1898
- Fecha de la muerte: 1956
- Fuente del esquema de fecha: edtf
100 1# - ENCABEZAMIENTO-NOMBRE DE PERSONA
- Nombre de persona: Mizoguchi, Kenji,
- Fechas asociadas al nombre: 1898-1956
374 ## - OCUPACIÓN
- Ocupación: Motion picture producers and directors
- Fuente del término: lcsh
400 1# - TRAZADO DE VÉASE--NOMBRE DE PERSONA
- Nombre de persona: 溝囗健二,
- Fechas asociadas al nombre: 1898-1956
670 ## - FUENTE DE DATOS ENCONTRADOS
- Cita de la fuente: Author's Mizoguchi Kenji no hito to geijutsu, 1964.
670 ## - FUENTE DE DATOS ENCONTRADOS
- Cita de la fuente: Wikipedia, Feb. 7, 2017
- Información encontrada: (Film director and screenwriter)